[Event "Bremen-ch op"]
[Site "Delmenhorst"]
[Date "2011.04.23"]
[Round "8"]
[White "Meyer, Thorsten1111"]
[Black "Beckmann, Christoph"]
[Result "1/2-1/2"]
[WhiteElo "1993"]
[BlackElo "1578"]
[PlyCount "23"]
[EventDate "2011.04.16"]
[EventType "swiss"]
[EventRounds "9"]
[EventCountry "GER"]
[SourceTitle "EXT 2012"]
[Source "ChessBase"]
[SourceDate "2011.11.24"]
[SourceVersion "1"]
[SourceVersionDate "2011.11.24"]
[SourceQuality "1"]

1. e4 e5 2. Nf3 Nf6 3. Nc3 Bb4 4. d3 d5 5. exd5 Nxd5 6. Bd2 Nxc3 7. bxc3 Bd6 8. Be2 0-0 9. c4 Nd7 10. Bc3 Re8 11. Qd2 Nf6 12. 0-0 1/2-1/2

[Event "Bremen-ch op"]
[Site "Delmenhorst"]
[Date "2011.04.23"]
[Round "5"]
[White "Von Oehsen, Hasso"]
[Black "Beckmann, Christoph"]
[Result "1/2-1/2"]
[WhiteElo "1758"]
[BlackElo "1578"]
[PlyCount "96"]
[EventDate "2011.04.16"]
[EventType "swiss"]
[EventRounds "9"]
[EventCountry "GER"]
[SourceTitle "EXT 2012"]
[Source "ChessBase"]
[SourceDate "2011.11.24"]
[SourceVersion "1"]
[SourceVersionDate "2011.11.24"]
[SourceQuality "1"]

1. d4 Nf6 2. c4 g6 3. Nc3 d5 4. Nf3 Bg7 5. cxd5 Nxd5 6. e4 Nxc3 7. bxc3 c5 8. Be3 0-0 9. Qd2 cxd4 10. cxd4 e6 11. Be2 Nc6 12. 0-0 b6 13. Rac1 Bb7 14. e5 Rc8 15. Rfd1 Ne7 16. Bg5 Qd7 17. Qb2 Nd5 18. Nd2 h6 19. Bh4 Nf4 20. Bf1 Qd5 21. f3 g5 22. Bg3 Qd7 23. Nc4 Bc6 24. Nd6 Rc7 25. Rc2 Nd5 26. Bf2 Ba4 27. Rxc7 Nxc7 28. Rc1 Ne8 29. Bb5 Bxb5 30. Nxb5 a6 31. Nc3 b5 32. Ne4 f6 33. Nc5 Qd5 34. Nxa6 fxe5 35. Nb4 Qd7 36. dxe5 Rf4 37. a3 Rc4 38. Re1 Nc7 39. Qe2 Bf8 40. Rd1 Qe8 41. Bb6 Bxb4 42. axb4 Nd5 43. Bc5 Nxb4 44. Bxb4 Rxb4 45. Qd2 Rc4 46. Qa5 Rc8 47. Qa6 b4 48. Qb7 Rb8 1/2-1/2